000
00266nam a22001217a 4500
008
180924b xxu||||| |||| 00| 0 eng d
041
_a
eng
080
_a
616.8
100
_a
6
101
_a
KAN
245
_a
Mnagement Of Cander Pain
_c
Jcox. A
942
_2
udc
_c
BK
999
_c
48326
_d
48326